| 000 | 00790cam a2200229 4500 | ||
|---|---|---|---|
| 001 | WB3630-33 | ||
| 008 | 000000n2000 000 0 eng u | ||
| 035 | _a(Sirsi) u107439 | ||
| 245 | _aClaims - farmers warned | ||
| 260 | _c2000 | ||
| 490 |
_aFarmers' Weekly _v133(1) 28 July 2000, 7(1) |
||
| 520 | _aMAFF has warned farmers that they will miss out on several benefits if they fail to comply with a move to transfer farm subsidy claims to the Internet. MAFF aim to switch 95% of subsidy claims to the Internet by 2004. | ||
| 590 | _aWB | ||
| 650 | _aFARM SUBSIDIES | ||
| 650 | _aSUBSIDY CLAIMS | ||
| 650 | _aINTERNET | ||
| 650 | _aSUBSIDY PAYMENTS | ||
| 650 | _aARABLE AID | ||
| 650 | _aINTEGRATED ADMINISTRATION AND CONTROL SYSTEM | ||
| 690 |
_aRural _96268 |
||
| 942 | _n0 | ||
| 999 |
_c64221 _d64221 |
||